新宿駅・西武新宿駅から出ている行先 - Statistics

General Stats
  • This quiz has been taken 22 times
  • The average score is 85 of 99
Answer Stats
Hint Answer % Correct
埼京線 川越
100%
大宮
100%
池袋
100%
大崎
100%
海老名
100%
宇都宮
100%
高崎
100%
平塚
100%
小田原
100%
中央快速線 東京
100%
八王子
100%
高尾
100%
中央・総武緩行線 三鷹
100%
中野
100%
山手線 池袋
100%
大崎
100%
池袋
100%
海老名
100%
小田原
100%
赤羽
94%
小金井
94%
小金井
94%
籠原
94%
武蔵小金井
94%
立川
94%
青梅
94%
豊田
94%
大月
94%
甲府
94%
松本
94%
西船橋
94%
津田沼
94%
千葉
94%
品川
94%
方南町
94%
都庁前
94%
都営新宿線 本八幡
94%
調布
94%
京王八王子
94%
高尾山口
94%
橋本
94%
京王新線 笹塚
94%
京王八王子
94%
橋本
94%
成城学園前
94%
新百合ヶ丘
94%
相模大野
94%
本厚木
94%
箱根湯本
94%
武蔵浦和
88%
新木場
88%
前橋
88%
大船
88%
国府津
88%
国分寺
88%
御茶ノ水
88%
丸ノ内線 荻窪
88%
中野坂上
88%
大江戸線 光が丘
88%
京王多摩センター
88%
京王多摩センター
88%
藤沢
88%
片瀬江ノ島
88%
伊勢原
88%
拝島
88%
竜王
82%
茗荷谷
82%
唐木田
82%
秦野
82%
新松田
82%
古河
76%
逗子
76%
伊豆急下田
76%
河口湖
76%
中野富士見町
76%
向ケ丘遊園
76%
本川越
76%
白馬
71%
清澄白河
71%
大島
71%
京王線 桜上水
71%
高幡不動
71%
桜上水
71%
小田急小田原線 経堂
71%
田無
71%
東武日光
65%
新宿三丁目
65%
瑞江
65%
岩本町
65%
若葉台
65%
若葉台
65%
西武新宿線 上石神井
65%
湘南新宿ライン 鬼怒川温泉
59%
つつじヶ丘
59%
玉川上水
59%
新所沢
53%
成田空港
47%
新御徒町
47%
汐留
35%
No matching quizzes found
Score Distribution
Percent of People with Each Score
Percentile by Number Answered
Your Score History
You have not taken this quiz